| 000 -LEADER |
| fixed length control field |
00611nam a2200169Ia 4500 |
| 008 - FIXED-LENGTH DATA ELEMENTS--GENERAL INFORMATION |
| fixed length control field |
190719s9999||||xx |||||||||||||| ||und|| |
| 020 ## - INTERNATIONAL STANDARD BOOK NUMBER |
| International Standard Book Number |
9781870077903 |
| Terms of availability |
£ 135.00 |
| 040 ## - CATALOGING SOURCE |
| Original cataloging agency |
IMU Kochi |
| 082 04 - DEWEY DECIMAL CLASSIFICATION NUMBER |
| Classification number |
623.89 |
| Item number |
R8124 V.1 |
| 110 ## - MAIN ENTRY--CORPORATE NAME |
| Corporate name or jurisdiction name as entry element |
Great Britain. |
| Subordinate unit |
Royal Navy |
| 245 #4 - TITLE STATEMENT |
| Title |
The admiralty manual of navigation- vol. I: principles of navigation, BR-45(1) / |
| Statement of responsibility, etc. |
Royal Navy, Government of Great Britain |
| 250 ## - EDITION STATEMENT |
| Edition statement |
8th ed. |
| 260 ## - PUBLICATION, DISTRIBUTION, ETC. |
| Place of publication, distribution, etc. |
London : |
| Name of publisher, distributor, etc. |
The Nautical Institute , |
| Date of publication, distribution, etc. |
2012 |
| 300 ## - PHYSICAL DESCRIPTION |
| Extent |
various pagination |
| Other physical details |
: col. Ill. Maps |
| Dimensions |
; 30 cm. |
| 650 ## - SUBJECT ADDED ENTRY--TOPICAL TERM |
| Topical term or geographic name entry element |
Navigation |
| Form subdivision |
Handbooks, manuals, etc. |
| 942 ## - ADDED ENTRY ELEMENTS (KOHA) |
| Source of classification or shelving scheme |
|
| Koha item type |
Books |